<?xml version="1.0" encoding="UTF-8"?>
<record
    xmlns:xsi="http://www.w3.org/2001/XMLSchema-instance"
    xsi:schemaLocation="http://www.loc.gov/MARC21/slim http://www.loc.gov/standards/marcxml/schema/MARC21slim.xsd"
    xmlns="http://www.loc.gov/MARC21/slim">

  <leader>01419cam a22002775a 4500</leader>
  <controlfield tag="001">18054033</controlfield>
  <controlfield tag="005">20160601121355.0</controlfield>
  <controlfield tag="008">140304s2013    enk    frb    001 0 eng d</controlfield>
  <datafield tag="020" ind1=" " ind2=" ">
    <subfield code="a">9780230360204</subfield>
  </datafield>
  <datafield tag="020" ind1=" " ind2=" ">
    <subfield code="a">0230360203</subfield>
  </datafield>
  <datafield tag="040" ind1=" " ind2=" ">
    <subfield code="a">YDXCP</subfield>
    <subfield code="c">YDXCP</subfield>
    <subfield code="d">BTCTA</subfield>
    <subfield code="d">BDX</subfield>
    <subfield code="d">UKMGB</subfield>
    <subfield code="d">LWU</subfield>
    <subfield code="d">OCLCO</subfield>
    <subfield code="d">NLE</subfield>
    <subfield code="d">NLGGC</subfield>
    <subfield code="d">STF</subfield>
    <subfield code="d">NKM</subfield>
    <subfield code="d">DLC</subfield>
    <subfield code="d">EG-ScBUE</subfield>
    <subfield code="b">eng</subfield>
  </datafield>
  <datafield tag="082" ind1="0" ind2="4">
    <subfield code="a">070.4</subfield>
    <subfield code="2">22</subfield>
    <subfield code="b">COW</subfield>
  </datafield>
  <datafield tag="100" ind1="1" ind2=" ">
    <subfield code="a">Coward, Rosalind.</subfield>
    <subfield code="9">40114</subfield>
  </datafield>
  <datafield tag="245" ind1="1" ind2="0">
    <subfield code="a">Speaking personally :</subfield>
    <subfield code="b">the rise of subjective and confessional journalism /</subfield>
    <subfield code="c">by Rosalind Coward.</subfield>
  </datafield>
  <datafield tag="260" ind1=" " ind2=" ">
    <subfield code="a">Houndmills ;</subfield>
    <subfield code="a">New York :</subfield>
    <subfield code="b">Palgrave Macmillan,</subfield>
    <subfield code="c">2013.</subfield>
  </datafield>
  <datafield tag="300" ind1=" " ind2=" ">
    <subfield code="a">vi, 157 p. ;</subfield>
    <subfield code="c">22 cm.</subfield>
  </datafield>
  <datafield tag="490" ind1="0" ind2=" ">
    <subfield code="a">Journalism: reflections on practice.</subfield>
  </datafield>
  <datafield tag="500" ind1=" " ind2=" ">
    <subfield code="a">Index : p.148-157.</subfield>
  </datafield>
  <datafield tag="504" ind1=" " ind2=" ">
    <subfield code="a">Bibliography : p. 141-147.</subfield>
  </datafield>
  <datafield tag="505" ind1="0" ind2=" ">
    <subfield code="a">Machine generated contents note: 1.The Impersonal Voice and the Fallacies of Objectivity -- 2.Changing Places: Opinion Columns and Editorials -- 3.Gonzo and I: The New Journalism -- 4.Getting Closer: Feminisation, Featurisation and the Confessional Society -- 5.Confessional Journalism -- 6.Blogging and the Intimate Universality of Cyberspace.</subfield>
  </datafield>
  <datafield tag="520" ind1=" " ind2=" ">
    <subfield code="a">The personal voice is everywhere. Whether in comment writing, personal columns, confessional journalism or blogging, speaking personally is a dominant feature of contemporary journalism.</subfield>
  </datafield>
  <datafield tag="650" ind1=" " ind2="7">
    <subfield code="a">Journalism.</subfield>
    <subfield code="2">BUEsh</subfield>
    <subfield code="9">37800</subfield>
  </datafield>
  <datafield tag="651" ind1=" " ind2=" ">
    <subfield code="2">BUEsh</subfield>
  </datafield>
  <datafield tag="653" ind1=" " ind2=" ">
    <subfield code="b">COMAME</subfield>
    <subfield code="c">May2016</subfield>
  </datafield>
  <datafield tag="942" ind1=" " ind2=" ">
    <subfield code="2">ddc</subfield>
  </datafield>
  <datafield tag="999" ind1=" " ind2=" ">
    <subfield code="c">21840</subfield>
    <subfield code="d">21812</subfield>
  </datafield>
  <datafield tag="952" ind1=" " ind2=" ">
    <subfield code="0">0</subfield>
    <subfield code="1">0</subfield>
    <subfield code="2">ddc</subfield>
    <subfield code="4">0</subfield>
    <subfield code="7">0</subfield>
    <subfield code="8">Alahram</subfield>
    <subfield code="a">MAIN</subfield>
    <subfield code="b">MAIN</subfield>
    <subfield code="c">LOW</subfield>
    <subfield code="d">2016-06-01</subfield>
    <subfield code="e">Purchase</subfield>
    <subfield code="g">196.00</subfield>
    <subfield code="l">0</subfield>
    <subfield code="o">070.4 COW</subfield>
    <subfield code="p">000032622</subfield>
    <subfield code="r">2025-07-15 00:00:00</subfield>
    <subfield code="v">245.00</subfield>
    <subfield code="y">BB</subfield>
  </datafield>
</record>
